Statistiken für Länder, die mit ZWEI Konsonanten beginnen

Klicken Sie hier um das Quiz zu spielen!

Allgemein

  • Dieses Quiz wurde 956 mal gespielt
    (954 seit der letzten Aktualisierung)
  • Das Durchschnittsergebnis liegt bei 19 aus 23

Antwortstatistiken

Länder% Korrekt
EuropaFFrankreich
98%
EuropaSSchweden
95%
EuropaGGriechenland
93%
EuropaSSlowakei
92%
EuropaSSlowenien
92%
AsienCChina
91%
AmerikaCChile
90%
EuropaKKroatien
90%
EuropaSSchweiz
88%
EuropaSSpanien
88%
AfrikaDDschibuti
86%
AmerikaBBrasilien
85%
AmerikaTTrinidad und Tobago
84%
AsienBBhutan
83%
AfrikaGGhana
81%
AsienBBrunei
80%
AmerikaGGrenada
80%
EuropaTTschechien
80%
AsienTThailand
74%
AfrikaTTschad
74%
AsienPPhilippinen
68%
AsienSSri Lanka
63%
AfrikaSSwasiland
58%

Verteilung der Resultate

Perzentil nach korrekt beantworteten Fragen

Anzahl Personen mit jedem Resultat

Ihre Resultats-Entwicklung

Sie haben dieses Quiz seit der letzten Aktualisierung nicht gespielt